5è aniversari de la restauració : de 2 al 30 de maig de 2016 de 2 al 30 de maig de 2016
Descripción Física:
10 pàgines : il·lustracions ; 21 cm
Materias:
Güell i Bacigalupi, Eusebi, -- 1846-1918
; Güell i Bacigalupi, Eusebi, -- 1846-1918 -- Congressos
; Palau Güell (Barcelona) -- Conservació i restauració
Idioma:
Catalán
MARC
| LEADER | 00000nam a22000007a 4500 | ||
|---|---|---|---|
| 001 | 25768 | ||
| 003 | Arxiu | ||
| 005 | 20260324181117.0 | ||
| 008 | 220603b spa||||| |||| 00| 0 cat d | ||
| 017 | |a DL B 10052-2016 | ||
| 080 | |a FU-70-19 | ||
| 111 | |9 53202 |a Cicle de Conferències del Palau Güell |n (5è : |d 2016 : |c Barcelona) | ||
| 245 | |a 5è aniversari de la restauració : |b de 2 al 30 de maig de 2016 | ||
| 246 | 3 | 2 | |a Cinquè aniversari de la restauració |
| 260 | |a Barcelona : |b Palau Güell, |c 2016 | ||
| 300 | |a 10 pàgines : |b il·lustracions ; |c 21 cm | ||
| 500 | |a A la portada: V Cicle de Conferències del Palau Güell | ||
| 600 | 0 | |9 17363 |a Güell i Bacigalupi, Eusebi, |d 1846-1918 | |
| 600 | 0 | |9 53126 |a Güell i Bacigalupi, Eusebi, |d 1846-1918 |v Congressos | |
| 610 | 0 | |a Palau Güell (Barcelona) |x Conservació i restauració |9 53203 | |
| 710 | 2 | |a Palau Güell (Barcelona) |9 17034 | |
| 942 | |2 udc |c ARXIU |n 1 | ||
| 952 | |0 0 |1 0 |4 0 |6 FU7019 |7 1 |9 62161 |a Arxiu |b Arxiu |d 2022-06-03 |l 0 |o FU-70-19 |p 25768 |r 2022-06-03 00:00:00 |w 2022-06-03 |y ARXIU | ||
| 999 | |c 81852 |d 81852 | ||